<?xml version="1.0" encoding="UTF-8"?>
<collection xmlns="http://www.loc.gov/MARC21/slim">
 <record>
  <leader>01295nam a22002057a 4500</leader>
  <controlfield tag="001">NCT_4_012234</controlfield>
  <controlfield tag="008">240912b        xxu||||| |||| 00| 0 vie d</controlfield>
  <datafield tag="999" ind1=" " ind2=" ">
   <subfield code="c">8576</subfield>
   <subfield code="d">8576</subfield>
  </datafield>
  <datafield tag="020" ind1=" " ind2=" ">
   <subfield code="c">32000</subfield>
  </datafield>
  <datafield tag="082" ind1="0" ind2="4">
   <subfield code="2">23rd ed.</subfield>
   <subfield code="a">340.1</subfield>
   <subfield code="b">L431</subfield>
  </datafield>
  <datafield tag="100" ind1="1" ind2=" ">
   <subfield code="a">Lê Vương Long</subfield>
  </datafield>
  <datafield tag="245" ind1="1" ind2="0">
   <subfield code="a">Những vấn đề lý luận cơ bản về quan hệ pháp luật :</subfield>
   <subfield code="b">Sách chuyên khảo</subfield>
   <subfield code="c">Lê Vương Long</subfield>
  </datafield>
  <datafield tag="260" ind1=" " ind2=" ">
   <subfield code="a">H.</subfield>
   <subfield code="b">Chính trị Quốc gia Sự thật</subfield>
   <subfield code="c">2013</subfield>
  </datafield>
  <datafield tag="300" ind1=" " ind2=" ">
   <subfield code="a">175 tr.</subfield>
   <subfield code="c">21cm</subfield>
  </datafield>
  <datafield tag="520" ind1="3" ind2=" ">
   <subfield code="a">Trong khoa học pháp lý, khái niệm quan hệ pháp luật là một trong những khái niệm cơ bản thuộc phạm vi nghiên cứu của khoa học lý luận chung về Nhà nước và pháp luật và được xem xét một cách cụ thể hơn trong các môn khoa học pháp lý chuyên ngành</subfield>
  </datafield>
  <datafield tag="653" ind1=" " ind2=" ">
   <subfield code="a">Luật học</subfield>
  </datafield>
  <datafield tag="942" ind1=" " ind2=" ">
   <subfield code="2">ddc</subfield>
   <subfield code="c">BK</subfield>
  </datafield>
  <datafield tag="952" ind1=" " ind2=" ">
   <subfield code="0">0</subfield>
   <subfield code="1">0</subfield>
   <subfield code="2">ddc</subfield>
   <subfield code="4">0</subfield>
   <subfield code="6">340_100000000000000_L431</subfield>
   <subfield code="7">0</subfield>
   <subfield code="9">29321</subfield>
   <subfield code="a">000001</subfield>
   <subfield code="b">000001</subfield>
   <subfield code="d">2024-09-12</subfield>
   <subfield code="o">340.1 L431</subfield>
   <subfield code="p">MD.22654</subfield>
   <subfield code="r">2024-09-12</subfield>
   <subfield code="v">32000.00</subfield>
   <subfield code="w">2024-09-12</subfield>
   <subfield code="y">BK</subfield>
  </datafield>
  <datafield tag="952" ind1=" " ind2=" ">
   <subfield code="0">0</subfield>
   <subfield code="1">0</subfield>
   <subfield code="2">ddc</subfield>
   <subfield code="4">0</subfield>
   <subfield code="6">340_100000000000000_L431</subfield>
   <subfield code="7">0</subfield>
   <subfield code="9">29322</subfield>
   <subfield code="a">000001</subfield>
   <subfield code="b">000001</subfield>
   <subfield code="d">2024-09-12</subfield>
   <subfield code="o">340.1 L431</subfield>
   <subfield code="p">MD.22655</subfield>
   <subfield code="r">2024-09-12</subfield>
   <subfield code="v">32000.00</subfield>
   <subfield code="w">2024-09-12</subfield>
   <subfield code="y">BK</subfield>
  </datafield>
  <datafield tag="980" ind1=" " ind2=" ">
   <subfield code="a">Thư viện Trường Đại học Nam Cần Thơ</subfield>
  </datafield>
 </record>
</collection>
